Statistics for Top 5 Detroit Pistons Players Per Position

Click here to take the quiz!

General Stats

  • This quiz has been taken 27 times
  • The average score is 14 of 25

Answer Stats

Position # Player WS % Correct
PG1Isiah Thomas80.7
100%
C3Ben Wallace65.9
100%
PF3Rasheed Wallace37.3
100%
SF2Tayshaun Prince57.6
96%
PG2Chauncey Billups73.6
96%
SG1Joe Dumars86.2
92%
SG2Richard Hamilton54.0
88%
C1Bill Laimbeer98.4
88%
PF2Dennis Rodman53.9
84%
C4Andre Drummond60.4
84%
SG3Vinnie Johnson43.2
64%
C2Bob Lanier91.6
64%
SF1Grant Hill60.0
64%
SG4Jerry Stackhouse28.0
56%
PG3Dave Bing56.0
52%
PF4John Salley29.4
40%
SF3George Yardley47.7
36%
PG5Lindsey Hunter27.2
28%
PF5Antonio McDyess28.7
24%
C5Larry Foust57.5
24%
PF1Bailey Howell53.9
20%
SG5John Long25.7
12%
PG4Gene Shue36.5
12%
SF4Terry Dischinger34.4
4%
SF5Terry Tyler33.5
0%

Score Distribution

Percentile by Number Answered

Percent of People with Each Score

Your Score History

You have not taken this quiz